| 000 | 00356nam a2200121Ia 4500 | ||
|---|---|---|---|
| 008 | 190216s9999||||xx |||||||||||||| ||und|| | ||
| 100 | _a"Thomas H Cormen, Charles E Leiserson
 Ronald L Rives&Amp; Clifford Stein" | ||
| 245 | 0 | _aIntroduction To Algorithms | |
| 260 |
_bWiley Eastern Ltd _c2003 |
||
| 300 | _a1145p | ||
| 650 | _aMathematics | ||
| 942 | _cBK | ||
| 999 |
_c31778 _d31778 |
||